Максимизация маржинальной прибыли; Известия Томского политехнического университета [Известия ТПУ]; Т. 311, № 6 : Экономика
| Parent link: | Известия Томского политехнического университета [Известия ТПУ]/ Томский политехнический университет (ТПУ).— , 2000- Т. 311, № 6 : Экономика.— 2007.— [С. 8-10] |
|---|---|
| Autor principal: | |
| Altres autors: | |
| Sumari: | Заглавие с титульного листа Электронная версия печатной публикации Приведен формализованный подход формирования прибыли на основе прогнозирования рыночной цены. Представлена функциональная зависимость объема производства и дохода, приносимого продукцией от величины переменных затрат. На основе этой зависимости предложена модель максимизации маржинальной прибыли. |
| Idioma: | rus |
| Publicat: |
2007
|
| Col·lecció: | Экономика |
| Matèries: | |
| Accés en línia: | http://www.lib.tpu.ru/fulltext/v/Bulletin_TPU/2007/v311/i6/02.pdf |
| Format: | MixedMaterials Electrònic Capítol de llibre |
| KOHA link: | https://koha.lib.tpu.ru/cgi-bin/koha/opac-detail.pl?biblionumber=172743 |
MARC
| LEADER | 00000nla2a2200000 4500 | ||
|---|---|---|---|
| 001 | 172743 | ||
| 005 | 20240116134340.0 | ||
| 035 | |a (RuTPU)RU\TPU\book\187321 | ||
| 035 | |a RU\TPU\book\187319 | ||
| 090 | |a 172743 | ||
| 100 | |a 20091215d2007 k y0rusy50 ca | ||
| 101 | 0 | |a rus | |
| 102 | |a RU | ||
| 135 | |a drnn ---uucaa | ||
| 181 | 0 | |a i | |
| 182 | 0 | |a b | |
| 200 | 1 | |a Максимизация маржинальной прибыли |f С. В. Козлов, А. А. Мицель | |
| 203 | |a Текст |c электронный | ||
| 215 | |a 1 файл (429 Кб) | ||
| 225 | 1 | |a Экономика | |
| 300 | |a Заглавие с титульного листа | ||
| 300 | |a Электронная версия печатной публикации | ||
| 320 | |a [Библиогр.: с. 10 (5 назв.)] | ||
| 330 | |a Приведен формализованный подход формирования прибыли на основе прогнозирования рыночной цены. Представлена функциональная зависимость объема производства и дохода, приносимого продукцией от величины переменных затрат. На основе этой зависимости предложена модель максимизации маржинальной прибыли. | ||
| 337 | |a Adobe Reader | ||
| 461 | 1 | |0 (RuTPU)RU\TPU\book\176237 |t Известия Томского политехнического университета [Известия ТПУ] |f Томский политехнический университет (ТПУ) |d 2000- | |
| 463 | 1 | |0 (RuTPU)RU\TPU\book\187318 |t Т. 311, № 6 : Экономика |v [С. 8-10] |d 2007 |p 132 с. | |
| 610 | 1 | |a максимизация | |
| 610 | 1 | |a маржинальная прибыль | |
| 610 | 1 | |a рыночные цены | |
| 610 | 1 | |a функциональные зависимости | |
| 610 | 1 | |a объемы производства | |
| 610 | 1 | |a доходы | |
| 610 | 1 | |a затраты | |
| 610 | 1 | |a труды учёных ТПУ | |
| 610 | 1 | |a электронный ресурс | |
| 700 | 1 | |a Козлов |b С. В. | |
| 701 | 1 | |a Мицель |b А. А. |c математик |c профессор Томского политехнического университета, доктор технических наук |f 1947- |g Артур Александрович |3 (RuTPU)RU\TPU\pers\24244 |9 10730 | |
| 801 | 1 | |a RU |b 63413507 |c 20090623 |g PSBO | |
| 801 | 2 | |a RU |b 63413507 |c 20211118 |g PSBO | |
| 856 | 4 | |u http://www.lib.tpu.ru/fulltext/v/Bulletin_TPU/2007/v311/i6/02.pdf | |
| 942 | |c CF | ||